| 000 | 00473nam a2200157 4500 | ||
|---|---|---|---|
| 001 | 120061 | ||
| 003 | ES-MaACL | ||
| 007 | t| | ||
| 008 | 070214s1955 sp r ||||1| spa d | ||
| 100 | 1 |
_aPérez de Urbel, Justo. _990812 |
|
| 245 | 1 | 3 |
_aEl claustro de Silos / _cFray Justo Pérez de Urbel. |
| 250 | _a2ª. edición notablemente corregida. | ||
| 260 |
_aBurgos : _bAldecoa, _c1955. |
||
| 300 |
_a308 p., 3 lám. : _bil. ; _c24 cm. |
||
| 852 |
_aES-MaACL _jC-9873 _bR.38474 |
||
| 999 |
_c120061 _d120061 |
||